Nommez les fanfictions d'Akimasa (Emma Emonds) sur Wattpad - Statistiques

Statistiques générales
  • Ce quiz a été pris 2 fois
  • Le résultat moyen est 2 sur 9
Statistiques - réponses
Hint Réponse % Correct
6,99M Suprématie
100%
1,44M Océan
50%
2,16M Vermilion
50%
39,2K Fortune
0%
10,4K Interstellar
0%
1,53M Noir
0%
377K Poupée
0%
28,5K Taehyung
0%
11,9K Your eyes
0%
Aucun quiz correspondant
Distribution des résultats
% des personnes avec chaque résultat
Percentile par nombre de réponses
Votre historique - résultats
Vous n’avez pas pris ce quiz